00964cam a2200253 a 450000500170000000800410001702000180005804000340007604100080011004400070011808200160012510000320014124501340017326000470030730000860035450400610044065000160050165000270051765000290054465000320057365000300060565000370063570000380067220180803165436.0111101s2009 ck ado r 000 0 spa d a9789589243312 aCOBoUEXdCO-BoPUJcCO-BoIAVH 0 aspa ack04a636.2bM67C1 aMora-Delgado, Jairo Ricardo10aConceptos y herramientas para la intervención en comunidades ganaderas :cJairo Mora Delgado y Vilma Amparo Holguín Castaño aIbagué :bUniversidad del Tolima,c2009. a110 páginas :bilustraciones, fotos a color, gráficas y tablas ;c24 x 17 cm. aIncluye referencias bibliográficas: páginas 105-108.14aGanadería24aProductividad ganadera24aIndustrias agropecuarias24aParticipación comunitaria24aProducción agropecuaria24aDesarrollo de la comunidad rural1 aHolguín Castaño, Vilma Amparo